Patrones de distribución de la diversidad de plantas (árboles y arbustos) en la Cuenca Media del río Chambery (Registro nro. 5550)

Detalles MARC
000 -CABECERA
Campo de control 00649nam a2200193 a 4500
005 - FECHA Y HORA DE LA ULTIMA TRANSACCION
Campo de control 20141209163531.0
008 - ELEMENTOS DE LONGITUD FIJA—INFORMACION GENERAL
Campo de control 140127b2005 ck ||||| |||| 00| 0 spa d
040 ## - FUENTE DE CATALOGACIÓN
Agencia transcriptora Aproximación al estado de la investigación en plantas
041 ## - IDIOMA
Código de idioma para texto/pista de sonido o título separado Español
044 ## - PAÍS DE PUBLICACIÓN
País de publicación Colombia
090 ## - CLASIFICACIÓN LOCAL
Colección IAVH
Consecutivo 00600
100 ## - ASIENTO PRINCIPAL--NOMBRE PERSONAL
Nombre personal Mendoza S., Javier Eduardo
245 ## - MENCION DE TITULO
Título Patrones de distribución de la diversidad de plantas (árboles y arbustos) en la Cuenca Media del río Chambery
260 ## - PUBLICACION, DISTRIBUCION, ETC. (PIE DE IMPRENTA)
Lugar de publicación, distribución, etc. Bogotá
Nombre del editor, distribuidor, etc. Instituto Alexander von Humboldt
Fecha de publicación, distribución, etc. 2005
300 ## - DESCRIPCION FISICA
Extensión 54 p.
773 ## - Item fuente:
Título Informes de investigaciones IAVH en PDF
942 ## - ELEMENTOS ADICIONALES (KOHA)
Tipo de ítem Informe Técnico
Sistema de clasificación Local
945 ## - PROCESAMIENTO LOCAL
AAAA-MM-DD - Fecha de ingreso o modificacion 2007-05-23
Existencias
Withdrawn status Lost status Sistema de Clasificación Damaged status No para préstamo Colección Inventariado Ubicación Permanente Ubicación actual Fecha de adquisición Total Checkouts Número topográfico Inventario / Código de Barras Date last seen Ejemplar Price effective from Forma de adquisición Tipo de material
    Local     Humboldt Inventariado 2017 Bogotá Bogotá 23/05/2007   IAVH-00600 023810 09/08/2024 Ej.1 04/12/2012   Informe Técnico